000 00327nam a22001457a 4500
008 210602b ||||| |||| 00| 0 eng d
020 _a9781905721467
041 _aeng
080 _a53
082 _a53
100 _a43
101 _aFIZ
245 _aChronic Pain a Primer for Physicians
_cPerry G. Fine
942 _2udc
_cBK
999 _c57896
_d57896